| 000 | 00816nas a2200265 4500 | ||
|---|---|---|---|
| 001 | BR8905400 | ||
| 003 | BR-BrBNA | ||
| 005 | 20231205091745.0 | ||
| 007 | ta | ||
| 008 | 230509b bl.|||p| |||| 00| 00por d | ||
| 040 |
_aBR-BrBNA _bpor _cBiblioteca Nacional de Agricultura |
||
| 041 | _a(Pt) | ||
| 072 | _aQ02; Q04 | ||
| 100 | 1 | _aCereda, M.P. | |
| 100 | 1 | _aSoares, S.E. | |
| 100 | 1 | _aRoca, R.O. | |
| 245 | 1 | _aCaracteristicas fisico-quimicas e sensoriais de cervejas fabricadas com fecula de mandioca como complemento do malte | |
| 650 | _aCERVEJA | ||
| 650 | _aANALISE DE ALIMENTO | ||
| 650 | _aMANDIOCA | ||
| 650 | _aMALTE | ||
| 773 | 0 |
_tRevista Brasileira de Mandioca (Brazil) _xISSN 0101-563X _g(1988), v. 7(1) p. 37-49 _wBR8905400 |
|
| 909 |
_a202311 _bLúcia _c55 _dLúcia Elande |
||
| 942 |
_2AGRIS _n0 _cANA |
||
| 999 |
_c127145 _d127145 |
||